| 000 | 01015nam a22002895a 4500 | ||
|---|---|---|---|
| 003 | EG-ScBUE | ||
| 005 | 20221013105649.0 | ||
| 008 | 151111t1998 enka f b 001 0deng d | ||
| 020 | _a9780521044240 | ||
| 020 | _a0521044243 | ||
| 040 |
_aEG-ScBUE _beng _erda _cEG-ScBUE _dEG-ScBUE |
||
| 043 | _ae-uk-en | ||
| 082 | 0 | 4 |
_a720.92 _bSOO _222 |
| 100 | 1 |
_aSoo, Lydia M., _eauthor. _938714 |
|
| 245 | 1 | 0 |
_aWren's "tracts" on architecture and other writings / _cLydia M. Soo. |
| 264 | 1 |
_aCambridge : _bCambridge University Press, _c[1998] |
|
| 264 | 4 | _cc1998 | |
| 300 |
_axv, 320 pages : _billustrations ; _c24 cm |
||
| 504 | _aIncludes bibliographical references and index. | ||
| 600 | 1 | 7 |
_aWren, Christopher, _cSir, _d1632-1723 _xCriticism and interpretation. _2BUEsh |
| 650 | 7 |
_aArchitecture _zEngland _xHistory _y18th century. _2BUEsh |
|
| 650 | 7 |
_aArchitecture _zEngland _xHistory _y17th century. _2BUEsh |
|
| 651 | _2BUEsh | ||
| 653 |
_bENGARC _cNovember2015 |
||
| 655 | _vReading book | ||
| 942 |
_2ddc _k720.92 SOO _cBB |
||
| 999 |
_c21038 _d21010 |
||